Featuring de SCH - Statistiques

Statistiques générales
  • Ce quiz a été pris 25 fois
  • Le résultat moyen est 28 sur 70
Statistiques - réponses
2014 Réponse % Correct
2020 (13 Organisé) Bande organisé
74%
2014 (Hooss) Aniki, mon frère
63%
2019 (Kaaris) Cigarettes
63%
2019 (Hamza) HS
63%
2020 (Naza) Mauvais
58%
2020 (Sofiane) American Airlines
53%
2021 (Classico Organisé) Classico Organisé
53%
2022 (Zeg P, Hamza) Fade up
53%
2019 (Vald) Haloween
53%
2021 (Naps) La danse des bandits
53%
2025 (Zamdane) Le poison
53%
2024 (Dospunto) Poison
53%
2021( L'Algérino, Jul) Sapapaya
53%
2020 (Zola) 9113
47%
2021 (Gims, Jul) GJS
47%
2018 (PLK) Hier
47%
2018 (6ix9ine, Farid Bang, Capo International Gangstas
47%
2023 (Werenoi) Magot
47%
2016 (Niska) Mauvais payeur
47%
2020 (Jul) Motherfuck
47%
2024 (Shay) Paradis
47%
2020 (13 Block) Pavel
47%
2017 (Rim'K) Rien de lavable
47%
2020 (Lefa) Smile
47%
2020 (Rim'K, Koba LaD) Valise
47%
2015 (Lacrim, Sadek) 6.35
42%
2021 (Classico Organisé) C'est pas un film
42%
2021 (Soso Maness) Les derniers Marioles
42%
2020 (13 Organisé) L'étoile sur le maillot
42%
2020 (Soolking) Maryline
42%
2015 (Kore, Lacrim, Lapso, Sadek) Mon frelo
42%
2024 (WarEnd) Plage enneigée
42%
2025 (Oboy) Saint Laurent
42%
2019 (Le A) Secteur
42%
2015 (Kore, Lacrim) Tony
42%
2025 (La Mano 1.9, Gims Un monde à l'autre
42%
2020 (Twinsmatic) X2
42%
2020 (13 Organisé) 13 Organisé
37%
2016 (Sfera Ebbasta) Balenciaga
37%
2019 (Le A) Cursus
37%
2019 (Vald) Dernier retrait
37%
2021 (Alonzo) Goyard
37%
2020 (13 Organisé) Je suis Marseille
37%
2016 (Sadek) La paresse
37%
2021 (Classico Organisé) Légendaire
37%
2020 (DA Uzi) Ni amour, ni amitié
37%
2015 (Kaaris, Worms-T) Où sont les €
37%
2022 (Soso Maness) Va jober
37%
2018 (Sfera Ebbasta) XNX
37%
2020 (13 Organisé) C'est maintenant
32%
2020 (Guirri Mafia) Comme un dream
32%
2022 (Naps) Dreamlife
32%
2024 (Jul, Alonzo) Le trio ternura
32%
2020 (Naps) Coffre-fort
26%
2020 (RK) Diva
26%
2021 (PLK) Incontrolables
26%
2017 (Lacrim) Laisse les
26%
2021 (REC118) La vie du binks
26%
2022 (Dinos) Ma baby
26%
2015 (Lacrim) On y est
26%
2019 (Niro) Solvable, Partie 1
26%
2017 (Lacrim) Tramontane
26%
2023 (Vladimir Cauchemar Unknow-T) Extendo
21%
2021 (Sadek, Ninho) Kimono
21%
2023 (Kaaris) Automatic
16%
2023 (Akhenaton) Chiens Fantômes
16%
2021 (DJ Quick, Alonzo) Diamant
16%
2021 (Naps, Jul, Kalif Hardcore) Avengers
16%
2022 (Fresh la Peufra) Spéciale
16%
2017 (Worms-T) Ciel
11%
Aucun quiz correspondant
Distribution des résultats
% des personnes avec chaque résultat
Percentile par nombre de réponses
Votre historique - résultats
Vous n’avez pas pris ce quiz